| 000 | 00706nam a2200229Ii 4500 | ||
|---|---|---|---|
| 003 | JO-AjNU | ||
| 008 | 230605s9999||||xx |||||||||||||| ||und|| | ||
| 017 | _a2010/4/950 | ||
| 020 | _a978-9957-09-127-0 | ||
| 040 |
_aJO-AjNU _bara _erda _cJO-AjNU |
||
| 041 | _aara | ||
| 050 | 1 | 4 | _aPJ7571 2010 |
| 100 | 3 |
_aالخطيب، نعيم , _eauthor _948742 |
|
| 245 | 0 | 0 | _aعلى الغارب في سرد الذات |
| 250 | _aط1 | ||
| 264 | 3 | 1 | _aعمان: أزمنة للنشر والتوزيع، 2010 |
| 300 | _a121ص | ||
| 336 |
_atext _btxt _2rdacontent |
||
| 337 |
_aunmediated _bn _2rdamedia |
||
| 338 |
_avolume _bnc _2rdacarrier |
||
| 650 | 4 |
_aالنثر الادبي - الادب العبي _948743 |
|
| 999 |
_aA21366 _c24934 _d24934 |
||